Illustrated Pagemaker 4.0 (Record no. 40478)

MARC details
000 -LEADER
fixed length control field 00293nam a2200121Ia 4500
082 ## - DEWEY DECIMAL CLASSIFICATION NUMBER
Classification number 681.31
Item number HAR
100 ## - MAIN ENTRY--AUTHOR NAME
Personal name Harrel, William D
245 #0 - TITLE STATEMENT
Title Illustrated Pagemaker 4.0
260 ## - PUBLICATION, DISTRIBUTION, ETC. (IMPRINT)
Place of publication Bombay
Name of publisher Jaico
Year of publication 1993
650 ## - SUBJECT ADDED ENTRY--TOPICAL TERM
Topical Term pagemaker
942 ## - ADDED ENTRY ELEMENTS (KOHA)
Koha item type Books
Holdings
Withdrawn status Lost status Damaged status Not for loan Home library Current library Date acquired Cost, normal purchase price Full call number Accession Number Koha item type
        RRII Library RRII Library 16/12/2021 115.00 681.31 HAR 20777 Books